| 000 | 00707nam a2200205Ia 4500 | ||
|---|---|---|---|
| 005 | 20241129110211.0 | ||
| 008 | 241129s9999||||xx |||||||||||||| ||und|| | ||
| 037 | _aREF | ||
| 040 |
_aARTS _bhin _cARTS |
||
| 041 |
_ahin _2hin |
||
| 084 |
_aV2.N 152R3.1-.2(RR) _qARTS |
||
| 100 | _aदत्त, भगवद्, ले. | ||
| 245 | 0 |
_aभारतवर्ष का बृहत इतिहास _cदत्त, भगवद्, ले. |
|
| 260 |
_aनई दिल्ली, भारत _bप्रणव प्रकाशन _c2023 |
||
| 365 |
_aINR _b1500 |
||
| 490 | _vभाग 1 | ||
| 650 | _aHistory-India | ||
| 942 |
_cREF _hV2.N 152R3.1-.2(RR) |
||
| 999 |
_c1227694 _d1227694 |
||